000
nam a22 7a 4500
999
_c
52599
_d
52599
003
OSt
005
20220625121600.0
008
220625b xxu||||| |||| 00| 0 eng d
040
_c
IIMT UNIVESITY
100
_a
AGRAWAL, RAJ
245
_a
BUSINESS ENVIRONMENT
260
_a
DELHI
_b
EXCEL BOOK
_c
2010
300
_a
800
942
_2
ddc
_c
02